00391nam a22001697a 4500003000400000020001900004082001800023100002000041245003300061250000800094260003900102300000800141650001900149653001500168700001900183700001900202SGT a97893587923898 a617.632bA24W aWadhwa, Viyanti aAnalgesics in Periodontology a1st aIndiabRedshine Publicationsc2024 a183 aPeriodontology aAnalgesics aSharma, Shikha aBhardwaj, Amit